Quiz di cultura generale #124 - Statistics

Statistiche generali
  • Questo quiz è stato fatto 338 volte
  • Il punteggio medio è 15 su 20
Statistiche sulle risposte
DOMANDA RISPOSTA % Corretto
La seconda città portoghese per abitanti Porto/Oporto
98%
Il più famoso film con i dinosauri Jurassic Park
95%
La seconda medaglia per valore Argento
92%
Il pane azzimo non ha quale ingrediente? Lievito
91%
Chiusa una porta, si apre un .... Portone
90%
Valacchia e Transilvania sono entrambi regioni di quale stato? Romania
90%
328 in numeri arabi 328
84%
Qual è la lingua ufficiale dello Yemen? Arabo
83%
Lo stato più popoloso degli USA California
83%
Quale arte marziale ha avuto origine a Okinawa? Karate
83%
La crema spalmabile più famosa al mondo inventata in Italia Nutella
81%
Sinonimo moderno di prigione Carcere
74%
Città siciliana che fu la più grande colonia greca Siracusa
74%
Partito politico fondato da Umberto Bossi che si raduna ogni anno a Pontida Lega
68%
Quale era la lingua ufficiale dell'Impero Bizantino? Greco
66%
La sua capitale è Katmandu Nepal
58%
Una via di mezzo tra l'acqua frizzante e naturale Effervescente
56%
Governò dal 1558 al 1603 in Inghilterra Elisabetta
49%
Rubò il fuoco agli dei dandolo agli uomini secondo un mito greco Prometeo
49%
La materia che studia le lingue e le compara Linguistica
39%
Nessun quiz corrispondente trovato
Distribuzione punteggi
Percentuale di utenti per punteggio
Percentile per numero di risposta
I tuoi punteggi nel tempo
Non hai fatto questo quiz